000 00545nam a22001577a 4500
999 _c535669
_d535669
020 _qHard Cover.
082 _a620.0011
100 _a Ayub, Mohsin
245 _aPerformance evaluation and analysis of micro hydro power plants installed in Chitral /
_cMohsin Ayub.
260 _aIslamabad :
_bUSPCASE - NUST
_c2016.
300 _axi, 123 p. : ill. ;
_c30cm.
942 _2ddc
_cTHE
650 _aEnergy Systems Engineering MS-Thesis
_928880
700 _aProf. Dr. Parvez Akhter.
_930418